000 005470000a22001930004500
041 0 _aENG
082 0 4 _aG 170 H6545i
100 1 _aHillis, Newell Dwight (1858-1929)
245 1 0 _aThe investment of influence : A study of social sympathy and service / Newell Dwight Hillis
250 _a28
260 _aChicago, USA : Fleming H. Revell
300 _a295 Pag.
650 1 4 _aCONDUCTA (ETICA)
001 1117
942 _cBK
999 _c32454
_d32454
336 _atexto
_btxt
_2rdacontent
337 _2rdamedia
_asin mediación
_bn
338 _2rdacarrier
_avolumen
_bnc